Statistics for Country to capital #6

Click here to take the quiz!

General Stats

  • This quiz has been taken 27 times
  • The average score is 9 of 10

Answer Stats

HintAnswer% Correct
IraqBaghdad
100%
MexicoMexico City
96%
FranceParis
96%
IranTehran
96%
PhilippinesManila
92%
CanadaOttawa
92%
North KoreaPyongyang
88%
TaiwanTaipei
88%
UruguayMontevideo
83%
TongaNuku'alofa
38%

Score Distribution

Percentile by Number Answered

Percent of People with Each Score

Your Score History

You have not taken this quiz